Family matters

Spremljeno u:
Bibliografski detalji
Autor kompanije: Auditorium Regione Toscana
Format: Knjiga
Jezik:engleski
Oznake: Dodaj oznaku
Bez oznaka, Budi prvi tko označuje ovaj zapis!

MARC

LEADER 00000nam a2200000 4500
005 20240724161925.0
008 240724b |||||||| |||| 00| 0 eng d
040 |c GP 
110 |a Auditorium Regione Toscana 
245 |a Family matters 
942 |2 ddc  |c BK  |n 0 
952 |0 0  |1 0  |2 ddc  |4 0  |6 306_766000000000000_CON  |7 1  |9 1674  |a RM  |b RM  |d 2024-07-24  |l 0  |o 306.766 CON  |p 117  |r 2024-07-24 16:19:47  |w 2024-07-24  |y BK 
999 |c 1487  |d 1487